| 000 | 00462nam a22001577a 4500 | ||
|---|---|---|---|
| 005 | 20150609052218.0 | ||
| 008 | 150609b xxu||||| |||| 00| 0 eng d | ||
| 041 | 0 | _aeng | |
| 080 | _a630.24 | ||
| 245 |
_aThe loggers / _cby the editors of Time-Life Books ; with text by Richard L. Williams. |
||
| 260 |
_aNew York : _bTime-Life Books, _cc1976. |
||
| 300 |
_a240 f. : _bme il.; _c28 cm. |
||
| 650 | 0 | _2Drupreresit | |
| 700 | 1 | _aRichard L. Williams | |
| 942 |
_2udc _cBK |
||
| 999 |
_c1012 _d1012 |
||